000 00639nam a2200241Ia 4500
003 OSt
005 20220918182802.0
006 a|||||r|||| 00| 0
007 ta
008 220917b |||||||| |||| 00| 0 eng d
024 _a34,500
037 _cTextual
040 _aARTS
_cARTS
_beng
041 _2eng
_aeng
082 _aO111973,1:g, L7
100 _aKalstone David
_961230
245 0 _aFive tempraments
260 _aNew York
_bOxford University Press USA
_c1977
300 _a212p.
_ccm.
650 _aENGLISH LITERATURE
942 _hO111973,1:g, L7
_cTEXL
_2CC
999 _c170387
_d170387